| 000 | 00758nam a22002297a 4500 | ||
|---|---|---|---|
| 003 | UA-OsUOA | ||
| 001 | 63314 | ||
| 007 | ta | ||
| 008 | 20090922b un ||||| |||| 00| 0 ukr d | ||
| 100 | _aПавлюк С.П. | ||
| 090 |
_a94(477) _bП12 |
||
| 942 | _cBK | ||
| 040 |
_aUA-OsUOA _bukr _cUA-OsUOA _dUA-OsUOA |
||
| 245 |
_aНародна агротехніка українців Карпат другої половини ХІХ - початку ХХ ст. _b(Історико-етнографічне дослідження) |
||
| 300 | _a169 с. | ||
| 955 | _a2 | ||
| 041 | _aukr | ||
| 080 | _a94(477) | ||
| 260 |
_aК. _bНаукова думка _c1986 |
||
| 650 | 7 |
_a9 Географія. Біографії. Історія _2UDC |
|
| 999 |
_c349393 _d349393 |
||